Finish the Famous Movie Quote II Quiz Stats

 Plays Quiz Updated Aug 10, 2017

Support Sporcle.
Go Orange.
Score 0/28 Timer 06:00
6 Plays Today
% Correct
Sparrow
96.5%
dying
96.3%
wings
95.8%
gangster
95.8%
life
95.8%
away
95.8%
food
95.7%
goes
95.5%
remember
95.4%
hula
94.8%
waffles
94.8%
planet
94.4%
antiquities
94.3%
exaggerated
94.2%
% Correct
chianti
94.2%
suit
94.1%
world
93.7%
somewhere
93.5%
roads
91.4%
anyone
90.6%
store
90.3%
condition
88.5%
fire
88.4%
watermark
87.7%
accurate
87.6%
intelligence
85.7%
butts
79.6%
chair
72.3%

You're not logged in!

Compare scores with friends on all Sporcle quizzes.
OR
Log In
Forgot?

From the Vault

Sports Puns III

by bowsntoys

Does anyone feel sorrier than the sad clown sitting alone in the stands while his team loses?
Remove Ads.
Support Sporcle.
Get the best of Sporcle when you Go Orange. This ad-free experience offers more features, more stats, and more fun while also helping to support Sporcle. Thank you for becoming a member.

Show Comments

Extras

Top Quizzes Today


Score Distribution

Your Account Isn't Verified!

In order to create a playlist on Sporcle, you need to verify the email address you used during registration. Go to your Sporcle Settings to finish the process.

Report this User

Report this user for behavior that violates our Community Guidelines.

Details: